Morphology and physical properties of closed cell microcellular ethylene propylene diene terpolymer (EPDM) rubber vulcanizates-effect of silica filler and blowing agent (Record no. 63285)

MARC details
000 -LEADER
fixed length control field 00474nam a2200121Ia 4500
100 ## - MAIN ENTRY--AUTHOR NAME
Personal name Guriya K C
245 #0 - TITLE STATEMENT
Title Morphology and physical properties of closed cell microcellular ethylene propylene diene terpolymer (EPDM) rubber vulcanizates-effect of silica filler and blowing agent
260 ## - PUBLICATION, DISTRIBUTION, ETC. (IMPRINT)
Name of publisher Plastics Rubber and Composites: Processing and Applications
Year of publication 1995
300 ## - PHYSICAL DESCRIPTION
Number of Pages 193-200
700 ## - ADDED ENTRY--PERSONAL NAME
Personal name Tripathy D K
942 ## - ADDED ENTRY ELEMENTS (KOHA)
Koha item type Journals
Holdings
Withdrawn status Lost status Damaged status Not for loan Home library Current library Shelving location Date acquired Serial Enumeration / chronology Koha item type
      Journals RRII Library RRII Library Rubber chemistry 17/10/1995 Volume 23, Issue 3 Journals